[Event "World op 35th"]
[Site "Philadelphia"]
[Date "2007.07.01"]
[Round "4"]
[White "Onyekwere, Chikwere"]
[Black "Molner, Mackenzie"]
[Result "0-1"]
[WhiteElo "2200"]
[BlackElo "2282"]
[PlyCount "76"]
[EventDate "2007.06.30"]
[EventType "swiss"]
[EventRounds "9"]
[EventCountry "USA"]
[SourceTitle "CBM 119 Extra"]
[Source "ChessBase"]
[SourceDate "2007.09.04"]

1. e4 d6 2. d4 Nf6 3. Nc3 g6 4. Nf3 Bg7 5. h3 O-O 6. Be3 a6 7. a4 b6 8. Bc4 e6
9. Ba2 Bb7 10. Nd2 Nc6 11. O-O e5 12. dxe5 dxe5 13. Nd5 Nd4 14. Bg5 Ne6 15. Bh4
c6 16. Bxf6 Bxf6 17. Nxf6+ Qxf6 18. c3 Nf4 19. Nc4 Rad8 20. Qf3 b5 21. Ne3 Rd2
22. Ng4 Qg5 23. h4 Qxh4 24. g3 Qh3 25. Rfe1 Ng2 26. Nxe5 Nxe1 27. Rxe1 Rxb2 28.
Bxf7+ Kg7 29. Rd1 bxa4 30. Qe3 Qh5 31. Qd4 c5 32. Qd7 Qxe5 33. Bxg6+ Kxg6 34.
f4 Rg2+ 35. Kh1 Qh5+ 36. Kxg2 Bxe4+ 37. Kg1 Qh1+ 38. Kf2 Qf3+ 0-1

[Event "New Jersey Futurity"]
[Site "Parsippany"]
[Date "2007.07.08"]
[Round "2"]
[White "Ippolito, Dean"]
[Black "Molner, Mackenzie"]
[Result "1-0"]
[WhiteElo "2395"]
[BlackElo "2293"]
[PlyCount "71"]
[EventDate "2007.07.07"]
[EventType "tourn"]
[EventRounds "9"]
[EventCountry "USA"]
[EventCategory "7"]
[SourceTitle "CBM 119 Extra"]
[Source "ChessBase"]
[SourceDate "2007.09.04"]

1. Nf3 Nf6 2. c4 g6 3. g3 Bg7 4. d4 c5 5. Bg2 O-O 6. Nc3 Nc6 7. dxc5 Qa5 8. O-O
Qxc5 9. b3 d6 10. Bb2 Qh5 11. Qd2 Bh3 12. Rad1 Bh6 13. Qe1 Ne5 14. Nd5 Nfg4 15.
Nxe7+ Kg7 16. Rxd6 f6 17. Nh4 Bxg2 18. Kxg2 Rae8 19. h3 Rxe7 20. hxg4 Nxg4 21.
Rd5 Re5 22. Rd7+ Kh8 23. Bxe5 fxe5 24. Qb4 Ne3+ 25. Kg1 Qxe2 26. Qxf8+ Bxf8 27.
fxe3 Bc5 28. Rff7 Qxe3+ 29. Kg2 Qg1+ 30. Kf3 Qe3+ 31. Kg4 Qe4+ 32. Kh3 Qh1+ 33.
Kg4 Qe4+ 34. Kg5 Kg8 35. Rg7+ Kh8 36. Rxh7+ 1-0

[Event "New Jersey Futurity"]
[Site "Parsippany"]
[Date "2007.07.08"]
[Round "3"]
[White "Molner, Mackenzie"]
[Black "Erenburg, Sergey"]
[Result "1/2-1/2"]
[WhiteElo "2293"]
[BlackElo "2565"]
[PlyCount "129"]
[EventDate "2007.07.07"]
[EventType "tourn"]
[EventRounds "9"]
[EventCountry "USA"]
[EventCategory "7"]
[SourceTitle "CBM 119 Extra"]
[Source "ChessBase"]
[SourceDate "2007.09.04"]

1. e4 c6 2. d4 d5 3. e5 Bf5 4. Nc3 e6 5. g4 Bg6 6. Nge2 f6 7. Nf4 fxe5 8. Nxe6
Qe7 9. Nxf8 exd4+ 10. Be2 dxc3 11. Nxg6 hxg6 12. Qd3 Nf6 13. Qxc3 O-O 14. Be3
Ne4 15. Qd4 Rd8 16. O-O-O c5 17. Qa4 Nc6 18. Rhe1 a6 19. Bf3 b5 20. Qa3 b4 21.
Qa4 Ne5 22. Bxe4 dxe4 23. Rxd8+ Rxd8 24. Qxa6 Kh7 25. Qb6 Qd7 26. Qxc5 b3 27.
axb3 Ra8 28. Kb1 Nd3 29. cxd3 Qxd3+ 30. Qc2 Ra1+ 31. Kxa1 Qxc2 32. Ka2 Qc8 33.
Rc1 Qa6+ 34. Kb1 Qd3+ 35. Rc2 Qxb3 36. g5 Kg8 37. Bc1 Kf7 38. Rc3 Qb5 39. b3
Ke6 40. Kb2 Kf5 41. Be3 Kg4 42. Rc4 Kf3 43. Kc3 Qe5+ 44. Kb4 Qd6+ 45. Kc3 Qe5+
46. Kb4 Qxh2 47. Ka5 Qb8 48. b4 Qa8+ 49. Kb5 Ke2 50. Rc6 Kd3 51. Kb6 Qd8+ 52.
Kc5 Qe7+ 53. Rd6+ Kc3 54. b5 Qc7+ 55. Rc6 Qe5+ 56. Kb6+ Kb4 57. Rc5 Qd6+ 58.
Ka7 Qd7+ 59. Ka6 Qd3 60. Ka7 Qd7+ 61. Ka6 Qd3 62. Kb7 Qd7+ 63. Ka6 Qd3 64. Kb7
Qd7+ 65. Ka6 1/2-1/2

[Event "New Jersey Futurity"]
[Site "Parsippany"]
[Date "2007.07.09"]
[Round "4"]
[White "Zlotnikov, Mikhail"]
[Black "Molner, Mackenzie"]
[Result "0-1"]
[WhiteElo "2367"]
[BlackElo "2293"]
[PlyCount "50"]
[EventDate "2007.07.07"]
[EventType "tourn"]
[EventRounds "9"]
[EventCountry "USA"]
[EventCategory "7"]
[SourceTitle "CBM 119 Extra"]
[Source "ChessBase"]
[SourceDate "2007.09.04"]

1. c4 e5 2. g3 Nf6 3. Bg2 c6 4. Nf3 e4 5. Nd4 d5 6. cxd5 Qxd5 7. Nc2 Qh5 8. h3
Qg6 9. Nc3 Bd6 10. Ne3 O-O 11. Qc2 Re8 12. b3 Na6 13. a3 Nc7 14. Bb2 Ncd5 15.
Nexd5 cxd5 16. Nb5 Bxg3 17. fxg3 Qxg3+ 18. Kf1 e3 19. dxe3 Ne4 20. Bxe4 Rxe4
21. Bd4 Bxh3+ 22. Rxh3 Qxh3+ 23. Ke1 Qh1+ 24. Kf2 Qh2+ 25. Kf1 Rxd4 0-1

[Event "New Jersey Futurity"]
[Site "Parsippany"]
[Date "2007.07.09"]
[Round "5"]
[White "Molner, Mackenzie"]
[Black "Panchanathan, Magesh Chandran"]
[Result "0-1"]
[WhiteElo "2293"]
[BlackElo "2486"]
[PlyCount "66"]
[EventDate "2007.07.07"]
[EventType "tourn"]
[EventRounds "9"]
[EventCountry "USA"]
[EventCategory "7"]
[SourceTitle "CBM 119 Extra"]
[Source "ChessBase"]
[SourceDate "2007.09.04"]

1. e4 e5 2. Nf3 Nc6 3. Bc4 Nf6 4. d3 Be7 5. O-O O-O 6. Re1 d6 7. a4 Be6 8. a5
Bxc4 9. dxc4 a6 10. Nc3 Nd7 11. Be3 f5 12. exf5 Rxf5 13. Nd2 Bg5 14. Bxg5 Qxg5
15. Nde4 Qh4 16. Nd5 Raf8 17. c3 Nc5 18. f3 Rh5 19. h3 Ne6 20. Qd2 Rh6 21. Qf2
Qd8 22. c5 Ne7 23. Nxc7 Nf4 24. cxd6 Nf5 25. b4 Rg6 26. Qa2+ Kh8 27. Rad1 Nxg2
28. Qxg2 Rxg2+ 29. Kxg2 Nh4+ 30. Kh1 Nxf3 31. Re3 Qh4 32. Kg2 Qf4 33. Red3 Qh2+
0-1

[Event "US op 108th"]
[Site "Cherry Hill"]
[Date "2007.08.02"]
[Round "6"]
[White "Coleman, Maxx W"]
[Black "Molner, Mackenzie"]
[Result "0-1"]
[WhiteElo "2201"]
[BlackElo "2293"]
[PlyCount "92"]
[EventDate "2007.07.28"]
[EventType "swiss"]
[EventRounds "9"]
[EventCountry "USA"]
[SourceTitle "CBM 119 Extra"]
[Source "ChessBase"]
[SourceDate "2007.09.04"]

1. Nf3 g6 2. g3 Bg7 3. Bg2 e5 4. d3 d5 5. e4 Ne7 6. Nc3 d4 7. Ne2 c5 8. O-O
Nbc6 9. Ne1 Be6 10. f4 f6 11. Nf3 h6 12. h3 Qd7 13. Kh2 O-O-O 14. a3 c4 15. Nd2
b5 16. a4 a6 17. Rf2 Kb7 18. Ng1 cxd3 19. cxd3 Nb4 20. Nb3 Rc8 21. Bf1 Qd6 22.
Nf3 Rc7 23. axb5 axb5 24. Ne1 Rhc8 25. Bd2 Nc2 26. Na5+ Kb6 27. Nxc2 Rxc2 28.
Nc4+ R2xc4 29. dxc4 Bxc4 30. b3 Bxf1 31. Qxf1 Nc6 32. fxe5 Qxe5 33. Qb1 b4 34.
Ra4 Qb5 35. e5 f5 36. e6 Re8 37. Qe1 Qd5 38. Bxb4 Rxe6 39. Re2 Re4 40. Ba5+
Nxa5 41. Qb4+ Qb5 42. Rxe4 fxe4 43. Qe7 Nc6 44. Qxg7 Qe2+ 45. Kg1 d3 46. Qd7 d2
0-1

[Event "Budapest FS09 IM"]
[Site "Budapest"]
[Date "2007.09.01"]
[Round "1"]
[White "Arjun, Vishnuvardhan"]
[Black "Molner, Mackenzie"]
[Result "1/2-1/2"]
[WhiteElo "2325"]
[BlackElo "2293"]
[PlyCount "61"]
[EventDate "2007.09.01"]
[EventType "tourn"]
[EventRounds "13"]
[EventCountry "HUN"]
[EventCategory "1"]
[SourceTitle "CBM 120 Extra"]
[Source "ChessBase"]
[SourceDate "2007.11.01"]

1. e4 d6 2. d4 Nf6 3. Nc3 g6 4. Be3 c6 5. Qd2 b5 6. Bd3 Nbd7 7. Nf3 Qc7 8. O-O
Bg7 9. Bh6 O-O 10. Rfe1 b4 11. Ne2 c5 12. c3 bxc3 13. bxc3 e5 14. Bxg7 Kxg7 15.
Ng3 h6 16. Nh4 Nb6 17. Ba6 Ng8 18. Bxc8 Raxc8 19. f4 cxd4 20. cxd4 Qc3 21. Qxc3
Rxc3 22. fxe5 dxe5 23. dxe5 Re8 24. Nf3 Nc4 25. Rac1 Rxc1 26. Rxc1 Nxe5 27. Rc7
Re7 28. Rxe7 Nxf3+ 29. gxf3 Nxe7 30. Kf2 Kf6 31. Ke3 1/2-1/2

[Event "Budapest FS09 IM"]
[Site "Budapest"]
[Date "2007.09.05"]
[Round "5"]
[White "Molner, Mackenzie"]
[Black "Fowler, Simon"]
[Result "1-0"]
[WhiteElo "2293"]
[BlackElo "2204"]
[PlyCount "80"]
[EventDate "2007.09.01"]
[EventType "tourn"]
[EventRounds "13"]
[EventCountry "HUN"]
[EventCategory "1"]
[SourceTitle "CBM 120 Extra"]
[Source "ChessBase"]
[SourceDate "2007.11.01"]

1. e4 e6 2. d4 d5 3. e5 c5 4. c3 Qb6 5. Nf3 Nc6 6. Be2 cxd4 7. cxd4 Nh6 8. b3
Nf5 9. Bb2 Bb4+ 10. Kf1 f6 11. a3 Be7 12. Nc3 fxe5 13. dxe5 O-O 14. Na4 Qd8 15.
g3 b6 16. Kg2 Bb7 17. Re1 d4 18. Kg1 Qe8 19. b4 Qf7 20. Rf1 Rad8 21. Bd3 Qh5
22. Be4 Qh3 23. Qd3 Nh6 24. Rfc1 Ng4 25. Qf1 Qxf1+ 26. Rxf1 Rd7 27. Rfe1 Nxb4
28. axb4 Bxb4 29. Bxb7 Rxb7 30. Nxd4 Bxe1 31. Rxe1 Nxf2 32. Ba3 Rd8 33. Nxe6
Rd2 34. Ng5 Nd3 35. Rf1 Rb8 36. e6 b5 37. e7 b4 38. Bxb4 Nxb4 39. Ne6 Rd1 40.
Rxd1 Kf7 1-0

[Event "Budapest FS09 IM"]
[Site "Budapest"]
[Date "2007.09.06"]
[Round "6"]
[White "Bednay, Bence"]
[Black "Molner, Mackenzie"]
[Result "1/2-1/2"]
[WhiteElo "2277"]
[BlackElo "2293"]
[PlyCount "60"]
[EventDate "2007.09.01"]
[EventType "tourn"]
[EventRounds "13"]
[EventCountry "HUN"]
[EventCategory "1"]
[SourceTitle "CBM 120 Extra"]
[Source "ChessBase"]
[SourceDate "2007.11.01"]

1. e4 d6 2. d4 Nf6 3. Nc3 g6 4. f4 Bg7 5. Nf3 c5 6. d5 O-O 7. Be3 b5 8. e5 Ng4
9. Bg1 b4 10. Ne4 dxe5 11. h3 Nf6 12. Nxf6+ exf6 13. Bxc5 Re8 14. fxe5 fxe5 15.
Bb5 Bd7 16. Bxd7 Nxd7 17. Be3 Nb6 18. O-O Nxd5 19. Bg5 f6 20. Bc1 e4 21. Nd4 f5
22. Kh1 Nb6 23. c3 bxc3 24. bxc3 Rc8 25. Qb3+ Qd5 26. Ne2 e3 27. Rd1 Qxb3 28.
axb3 Rcd8 29. Rxd8 Rxd8 30. Bxe3 Nd5 1/2-1/2

[Event "Budapest FS09 IM"]
[Site "Budapest"]
[Date "2007.09.07"]
[Round "7"]
[White "Molner, Mackenzie"]
[Black "Ismail, Shereif"]
[Result "1-0"]
[WhiteElo "2293"]
[BlackElo "2178"]
[PlyCount "83"]
[EventDate "2007.09.01"]
[EventType "tourn"]
[EventRounds "13"]
[EventCountry "HUN"]
[EventCategory "1"]
[SourceTitle "CBM 120 Extra"]
[Source "ChessBase"]
[SourceDate "2007.11.01"]

1. e4 e6 2. d4 d5 3. Nc3 Nf6 4. e5 Nfd7 5. f4 c5 6. Nf3 Nc6 7. Be3 a6 8. Qd2 b5
9. Be2 Qb6 10. Nd1 cxd4 11. Nxd4 Nxd4 12. Bxd4 Bc5 13. c3 a5 14. a3 O-O 15. O-O
Nb8 16. Bxc5 Qxc5+ 17. Qe3 Qxe3+ 18. Nxe3 Bd7 19. Nc2 Nc6 20. b4 f6 21. a4 bxa4
22. b5 Na7 23. Rfb1 fxe5 24. fxe5 Nc8 25. b6 Rb8 26. b7 Na7 27. Nd4 Nc6 28. Bb5
Nxd4 29. Bxd7 Ne2+ 30. Kh1 Nxc3 31. Bxe6+ Kh8 32. Rf1 Rfe8 33. Bc8 g6 34. e6
Kg7 35. Rf7+ Kh6 36. h4 Rexc8 37. bxc8=Q Rxc8 38. g4 g5 39. h5 Re8 40. e7 d4
41. Re1 d3 42. Re6# 1-0

[Event "Budapest FS09 IM"]
[Site "Budapest"]
[Date "2007.09.08"]
[Round "8"]
[White "Adams, Nick A"]
[Black "Molner, Mackenzie"]
[Result "0-1"]
[WhiteElo "2218"]
[BlackElo "2293"]
[PlyCount "73"]
[EventDate "2007.09.01"]
[EventType "tourn"]
[EventRounds "13"]
[EventCountry "HUN"]
[EventCategory "1"]
[SourceTitle "CBM 120 Extra"]
[Source "ChessBase"]
[SourceDate "2007.11.01"]

1. d4 Nf6 2. c4 c5 3. d5 b5 4. cxb5 a6 5. bxa6 g6 6. Nc3 Bxa6 7. g3 d6 8. Bg2
Bg7 9. Nh3 Nbd7 10. O-O O-O 11. Qc2 Qa5 12. Bd2 Rab8 13. Rab1 c4 14. Ng5 Nc5
15. Nf3 Nfd7 16. Be3 e5 17. dxe6 fxe6 18. Bh3 Bb7 19. Rbd1 Rxf3 20. Bxc5 Rxc3
21. Bxe6+ Kh8 22. bxc3 Nxc5 23. Bxc4 Ne4 24. Qd3 Nxc3 25. Qxd6 Be5 26. Qe7 Nxd1
27. Rxd1 Bc6 28. Bd5 Re8 29. Qf7 Qa4 30. Bb3 Qe4 31. Bd5 Qxe2 32. Rb1 Qd3 33.
Bxc6 Qxb1+ 34. Kg2 Rb8 35. Qe7 Bg7 36. a4 Qf5 37. Bf3 0-1

[Event "Budapest FS09 IM"]
[Site "Budapest"]
[Date "2007.09.09"]
[Round "9"]
[White "Molner, Mackenzie"]
[Black "Cooke, Eric"]
[Result "0-1"]
[WhiteElo "2293"]
[BlackElo "2213"]
[PlyCount "57"]
[EventDate "2007.09.01"]
[EventType "tourn"]
[EventRounds "13"]
[EventCountry "HUN"]
[EventCategory "1"]
[SourceTitle "CBM 120 Extra"]
[Source "ChessBase"]
[SourceDate "2007.11.01"]

1. e4 c5 2. Nf3 d6 3. d4 cxd4 4. Nxd4 Nf6 5. Nc3 a6 6. Bg5 e6 7. f4 b5 8. e5
dxe5 9. fxe5 Qc7 10. exf6 Qe5+ 11. Be2 Qxg5 12. O-O Ra7 13. Nf3 Qxf6 14. Ne4
Qd8 15. Bd3 Nd7 16. Nfg5 Ne5 17. Qh5 g6 18. Qh3 Bg7 19. Rad1 Rd7 20. Be2 h6 21.
Nxf7 Qb6+ 22. Kh1 Nxf7 23. Rxd7 Bxd7 24. Qf3 Rf8 25. Nf6+ Bxf6 26. Qxf6 Qe3 27.
Bd3 Qg5 28. Qg7 Bc6 29. Rf2 0-1

[Event "Budapest FS09 IM"]
[Site "Budapest"]
[Date "2007.09.10"]
[Round "10"]
[White "Vegh, Endre"]
[Black "Molner, Mackenzie"]
[Result "0-1"]
[WhiteElo "2313"]
[BlackElo "2293"]
[PlyCount "88"]
[EventDate "2007.09.01"]
[EventType "tourn"]
[EventRounds "13"]
[EventCountry "HUN"]
[EventCategory "1"]
[SourceTitle "CBM 120 Extra"]
[Source "ChessBase"]
[SourceDate "2007.11.01"]

1. e4 d6 2. d4 Nf6 3. Nc3 g6 4. Be3 c6 5. Qd2 b5 6. f3 Nbd7 7. g4 Nb6 8. h4 h5
9. g5 Nfd7 10. b3 Bg7 11. Rd1 O-O 12. f4 Bb7 13. Bg2 b4 14. Nce2 c5 15. d5 a5
16. Nh3 a4 17. O-O axb3 18. axb3 Ra2 19. Ng3 Bc3 20. Qf2 Ba6 21. Qf3 Bxf1 22.
Bxf1 Rxc2 23. Nxh5 gxh5 24. Bd3 Ra2 25. Qxh5 Be5 26. Nf2 Qa8 27. Ng4 Bg7 28. e5
Rc8 29. e6 fxe6 30. Qh7+ Kf8 31. Bg6 Nxd5 32. Be4 Ra1 33. Bc1 Qa2 34. Nh6 N7f6
35. gxf6 Nxf6 36. Qg6 Bxh6 37. Qxh6+ Ke8 38. Bf3 Kd7 39. f5 Rg8+ 40. Kf1 Qxb3
41. fxe6+ Qxe6 42. Qf4 Qh3+ 43. Kf2 Ng4+ 44. Ke1 Qxh4+ 0-1

[Event "Budapest FS09 IM"]
[Site "Budapest"]
[Date "2007.09.11"]
[Round "11"]
[White "Molner, Mackenzie"]
[Black "Petran, Pal"]
[Result "0-1"]
[WhiteElo "2293"]
[BlackElo "2369"]
[PlyCount "48"]
[EventDate "2007.09.01"]
[EventType "tourn"]
[EventRounds "13"]
[EventCountry "HUN"]
[EventCategory "1"]
[SourceTitle "CBM 120 Extra"]
[Source "ChessBase"]
[SourceDate "2007.11.01"]

1. e4 c6 2. d4 d5 3. e5 Bf5 4. Nc3 e6 5. g4 Bg6 6. Nge2 c5 7. h4 h5 8. Nf4 Bh7
9. Nxh5 cxd4 10. Qxd4 Nc6 11. Bb5 Nge7 12. Bg5 a6 13. Bxc6+ Nxc6 14. Qf4 Qa5
15. O-O-O Nb4 16. Rd4 Nxc2 17. Ra4 Qc5 18. Rd1 Rc8 19. Kd2 Qc6 20. Rc1 b5 21.
Nf6+ gxf6 22. Qxf6 Rg8 23. Rf4 Qd7 24. Bh6 Rg6 0-1

[Event "Budapest FS09 IM"]
[Site "Budapest"]
[Date "2007.09.12"]
[Round "12"]
[White "Gauri, Shankar"]
[Black "Molner, Mackenzie"]
[Result "0-1"]
[WhiteElo "2177"]
[BlackElo "2293"]
[PlyCount "92"]
[EventDate "2007.09.01"]
[EventType "tourn"]
[EventRounds "13"]
[EventCountry "HUN"]
[EventCategory "1"]
[SourceTitle "CBM 120 Extra"]
[Source "ChessBase"]
[SourceDate "2007.11.01"]

1. d4 Nf6 2. c4 c5 3. d5 b5 4. cxb5 a6 5. bxa6 g6 6. Nc3 Bxa6 7. g3 d6 8. Bg2
Bg7 9. Nf3 Nbd7 10. Rb1 O-O 11. O-O Qa5 12. Bd2 Bb7 13. Re1 Nb6 14. e4 Nfd7 15.
Bf1 Ba6 16. Nb5 Qxa2 17. Nc7 Bxf1 18. Nxa8 Bd3 19. Nxb6 Nxb6 20. Ra1 Qxb2 21.
Ra7 e6 22. dxe6 fxe6 23. Ba5 c4 24. Rb7 Bd4 25. Nxd4 Qxf2+ 26. Kh1 Qxd4 27. Qg4
Rf1+ 28. Kg2 Qf2+ 29. Kh3 Qf6 30. Qh4 Qxh4+ 31. Kxh4 Rxe1 32. Bxe1 Na4 33. Kg5
Nc5 34. Rc7 Nxe4+ 35. Kh6 Kf8 36. Kxh7 Ng5+ 37. Kh6 Nf7+ 38. Rxf7+ Kxf7 39. Bb4
Ke7 40. Kg5 e5 41. Kg4 Ke6 42. Kf3 d5 43. g4 d4 44. h4 Kd5 45. h5 gxh5 46. gxh5
c3 0-1

[Event "Budapest FS09 IM"]
[Site "Budapest"]
[Date "2007.09.13"]
[Round "13"]
[White "Molner, Mackenzie"]
[Black "Lengyel, Bela"]
[Result "1/2-1/2"]
[WhiteElo "2293"]
[BlackElo "2289"]
[PlyCount "32"]
[EventDate "2007.09.01"]
[EventType "tourn"]
[EventRounds "13"]
[EventCountry "HUN"]
[EventCategory "1"]
[SourceTitle "CBM 120 Extra"]
[Source "ChessBase"]
[SourceDate "2007.11.01"]

1. e4 e5 2. Nf3 Nc6 3. Bb5 a6 4. Ba4 Nf6 5. O-O Be7 6. Re1 b5 7. Bb3 d6 8. c3
O-O 9. h3 Na5 10. Bc2 c5 11. d4 Qc7 12. Nbd2 Bb7 13. d5 Bc8 14. b3 Bd7 15. Nf1
Nb7 16. Ng3 g6 1/2-1/2

[Event "Wch U20"]
[Site "Yerevan"]
[Date "2007.10.03"]
[Round "1"]
[White "Molner, Mackenzie"]
[Black "Corrales Jimenez, Fidel"]
[Result "1-0"]
[WhiteElo "2308"]
[BlackElo "2513"]
[Annotator "Mac"]
[PlyCount "61"]
[EventDate "2007.10.03"]
[EventType "swiss"]
[EventRounds "13"]
[EventCountry "ARM"]
[SourceTitle "CBM 120 Extra"]
[Source "ChessBase"]
[SourceDate "2007.11.01"]

1. e4 c5 2. Nf3 d6 3. d4 cxd4 4. Nxd4 Nf6 5. Nc3 a6 6. Bg5 e6 7. f4 h6 8. Bh4
Be7 9. Qf3 Nbd7 10. O-O-O Qc7 11. Be2 b5 12. Bxf6 (12. e5 Bb7 13. exd6 (13.
exf6 Bxf3 14. Bxf3 Bxf6 15. Bxf6 Nxf6 16. Bxa8 O-O) 13... Bxd6 14. Ndxb5) 12...
Nxf6 13. e5 Bb7 14. Qg3 dxe5 15. fxe5 Nd7 16. Nxe6 fxe6 17. Bh5+ Kd8 18. Qxg7
Rf8 19. Bg4 Bxg2 20. Rhg1 Bf3 21. Bxf3 Rxf3 22. Qg2 Bg5+ 23. Kb1 Rxc3 24. Qxa8+
Qc8 25. Qa7 Rc7 26. Qb6 Qb7 27. Qxe6 Rc6 28. Qg8+ Kc7 29. Qf7 Kc8 30. e6 Nc5
31. Rxg5 1-0

[Event "Wch U20"]
[Site "Yerevan"]
[Date "2007.10.05"]
[Round "3"]
[White "Molner, Mackenzie"]
[Black "Bulski, Krzysztof"]
[Result "1-0"]
[WhiteElo "2308"]
[BlackElo "2421"]
[PlyCount "70"]
[EventDate "2007.10.03"]
[EventType "swiss"]
[EventRounds "13"]
[EventCountry "ARM"]
[SourceTitle "CBM 120 Extra"]
[Source "ChessBase"]
[SourceDate "2007.11.01"]

1. e4 c5 2. Nf3 d6 3. d4 cxd4 4. Nxd4 Nf6 5. Nc3 a6 6. Bg5 e6 7. f4 Qb6 8. Qd2
Nc6 9. O-O-O Nxd4 10. Qxd4 Qxd4 11. Rxd4 Nd7 12. Be2 b6 13. Rhd1 Bb7 14. Bh4
Rc8 15. a4 g6 16. Kb1 Rg8 17. g4 Rc6 18. Na2 Rc7 19. Nc3 Rc6 20. Na2 Rc7 21.
Nc3 Nb8 22. Rb4 Rc6 23. a5 Nd7 24. Bf2 b5 25. Nxb5 d5 26. Nd6+ Bxd6 27. Rxb7
dxe4 28. Ra7 Ke7 29. Bxa6 Rb8 30. c4 Rc7 31. Rxc7 Bxc7 32. Bb5 Rxb5 33. cxb5
Bxa5 34. b6 e3 35. Bxe3 Nxb6 1-0

[Event "Wch U20"]
[Site "Yerevan"]
[Date "2007.10.07"]
[Round "5"]
[White "Molner, Mackenzie"]
[Black "Ashwin, Jayaram"]
[Result "0-1"]
[WhiteElo "2308"]
[BlackElo "2478"]
[PlyCount "86"]
[EventDate "2007.10.03"]
[EventType "swiss"]
[EventRounds "13"]
[EventCountry "ARM"]
[SourceTitle "CBM 120 Extra"]
[Source "ChessBase"]
[SourceDate "2007.11.01"]

1. e4 c5 2. Nf3 d6 3. d4 cxd4 4. Nxd4 Nf6 5. Nc3 a6 6. Bg5 e6 7. f4 Qb6 8. Qd2
Nc6 9. Nb3 Ng4 10. f5 Be7 11. Bf4 Nce5 12. O-O-O Qc7 13. h3 Nf6 14. g4 Bd7 15.
Qe2 h6 16. fxe6 fxe6 17. Rg1 b5 18. a3 Nc4 19. g5 hxg5 20. Rxg5 e5 21. Bd2 Rh7
22. Qg2 Bxh3 23. Qg1 Bf8 24. Bxh3 Rxh3 25. Qg2 Rxc3 26. Bxc3 Ne3 27. Qe2 Nxd1
28. Qxd1 Qb7 29. Nd2 a5 30. b4 Qc6 31. Qf3 Rc8 32. Kb2 axb4 33. axb4 Nd7 34.
Rg3 Nb6 35. Qh5+ Kd7 36. Qf7+ Be7 37. Kc1 Rf8 38. Qxg7 Na4 39. Qg4+ Kd8 40. Qh3
Qe8 41. Rg7 Rh8 42. Qf3 Qf8 43. Qxf8+ Bxf8 0-1

[Event "Wch U20"]
[Site "Yerevan"]
[Date "2007.10.08"]
[Round "6"]
[White "Vovk, Yuri"]
[Black "Molner, Mackenzie"]
[Result "1-0"]
[WhiteElo "2561"]
[BlackElo "2308"]
[PlyCount "63"]
[EventDate "2007.10.03"]
[EventType "swiss"]
[EventRounds "13"]
[EventCountry "ARM"]
[SourceTitle "CBM 120 Extra"]
[Source "ChessBase"]
[SourceDate "2007.11.01"]

1. e4 d6 2. d4 Nf6 3. Nc3 g6 4. f4 Bg7 5. Nf3 c5 6. Bb5+ Bd7 7. Bxd7+ Nfxd7 8.
d5 b5 9. Qe2 b4 10. Nd1 Qb6 11. O-O Qa6 12. Qe1 Nb6 13. a4 bxa3 14. Rxa3 Qc4
15. Ne3 Qxe4 16. Ng5 Qb4 17. Bd2 Qxb2 18. Rb3 Qa2 19. Bc3 Bd4 20. f5 f6 21. Ne6
N8d7 22. Nc7+ Kd8 23. Nxa8 Nxa8 24. Bxd4 cxd4 25. Nc4 Nab6 26. Na5 Ne5 27. Qb4
Ke8 28. Qxd4 Qxa5 29. Ra1 Qc5 30. Qxc5 dxc5 31. Rxb6 Kf7 32. fxg6+ 1-0

[Event "Wch U20"]
[Site "Yerevan"]
[Date "2007.10.12"]
[Round "9"]
[White "Molner, Mackenzie"]
[Black "Pancevski, Filip"]
[Result "0-1"]
[WhiteElo "2308"]
[BlackElo "2340"]
[PlyCount "30"]
[EventDate "2007.10.03"]
[EventType "swiss"]
[EventRounds "13"]
[EventCountry "ARM"]
[SourceTitle "CBM 120 Extra"]
[Source "ChessBase"]
[SourceDate "2007.11.01"]

1. e4 e5 2. Nf3 Nc6 3. Bc4 Nf6 4. d3 Bc5 5. O-O d6 6. c3 O-O 7. Re1 Bb6 8. Nbd2
Kh8 9. h3 Nh5 10. Nxe5 Qh4 11. Nxf7+ Rxf7 12. Bxf7 Qxf2+ 13. Kh1 Ng3+ 14. Kh2
Qf4 15. d4 Nxd4 0-1

[Event "Wch U20"]
[Site "Yerevan"]
[Date "2007.10.15"]
[Round "12"]
[White "Kjartansson, Gudmundur"]
[Black "Molner, Mackenzie"]
[Result "1/2-1/2"]
[WhiteElo "2324"]
[BlackElo "2308"]
[PlyCount "138"]
[EventDate "2007.10.03"]
[EventType "swiss"]
[EventRounds "13"]
[EventCountry "ARM"]
[SourceTitle "CBM 120 Extra"]
[Source "ChessBase"]
[SourceDate "2007.11.01"]

1. e4 d6 2. d4 Nf6 3. Nc3 g6 4. f4 Bg7 5. Nf3 c5 6. Bb5+ Bd7 7. Bxd7+ Nbxd7 8.
d5 O-O 9. Qe2 Qa5 10. Bd2 Qa6 11. Qxa6 bxa6 12. O-O-O Nb6 13. Rhe1 Nc4 14. b3
Nxd2 15. Rxd2 Nd7 16. Nd1 a5 17. Rd3 a4 18. bxa4 Rab8 19. Rb3 c4 20. Rxb8 Rxb8
21. Re3 Nc5 22. Nd2 Bd4 23. Rf3 Rc8 24. Nc3 a6 25. Ndb1 Rb8 26. Nd2 Rc8 27.
Ndb1 f5 28. exf5 gxf5 29. Nd2 Nd7 30. Rg3+ Kf8 31. Ne2 Bf6 32. Nf3 Rc5 33. Ng5
Bxg5 34. Rxg5 Rxd5 35. g4 Kf7 36. Ng3 Nf6 37. Nxf5 Kf8 38. Ne3 Rd4 39. Ra5 Rxf4
40. Kb2 c3+ 41. Kb3 Re4 42. Nc4 Nd7 43. Rf5+ Kg7 44. h3 Nc5+ 45. Kxc3 Nxa4+ 46.
Kd3 Re1 47. Ne3 Nc5+ 48. Kd2 Ra1 49. Rg5+ Kh8 50. Rh5 Rxa2 51. Nd5 a5 52. Nxe7
Ra1 53. Nf5 Ne4+ 54. Kd3 d5 55. Ne3 a4 56. Rxd5 Nf2+ 57. Kd2 Nxh3 58. c4 Nf4
59. Ra5 Ne6 60. Kc2 a3 61. Nf5 Kg8 62. Kb3 Kf7 63. Rxa3 Rxa3+ 64. Kxa3 Kg6 65.
Kb3 Kg5 66. Ne3 Kf4 67. Nd5+ Kxg4 68. Nf6+ Kg5 69. Nxh7+ Kg6 1/2-1/2

[Event "New York Marshall CC-ch 91st"]
[Site "New York"]
[Date "2007.12.07"]
[Round "1"]
[White "Molner, Mackenzie"]
[Black "Stripunsky, Alexander"]
[Result "1-0"]
[WhiteElo "2293"]
[BlackElo "2589"]
[PlyCount "123"]
[EventDate "2007.12.07"]
[EventType "swiss"]
[EventRounds "9"]
[EventCountry "USA"]
[SourceTitle "CBM 122 Extra"]
[Source "ChessBase"]
[SourceDate "2008.03.04"]

1. e4 c5 2. Nf3 e6 3. d4 cxd4 4. Nxd4 a6 5. Bd3 Qc7 6. Nc3 Nf6 7. O-O Nc6 8.
Nxc6 dxc6 9. Qe2 Bd6 10. h3 b5 11. a4 Bb7 12. Be3 O-O 13. f4 e5 14. f5 Qe7 15.
Bg5 Rfd8 16. Nd1 Bc5+ 17. Kh2 Rd6 18. Nf2 Rad8 19. Bxf6 gxf6 20. Ng4 Kh8 21.
Nh6 R6d7 22. Qh5 Be3 23. Ng4 Bb6 24. Qh6 Rd6 25. Rad1 Qf8 26. Qh5 R8d7 27. Rf3
c5 28. Rg3 c4 29. Qh4 Bd8 30. Nh6 Bb6 31. Ng4 Qg7 32. Nh6 cxd3 33. Rxg7 Kxg7
34. Rxd3 Rxd3 35. cxd3 Be3 36. Qg3+ Kxh6 37. Qxe3+ Kg7 38. axb5 axb5 39. Qb6 b4
40. Qxb4 Ba6 41. Qa4 Rd6 42. Qa3 Rc6 43. b4 Bb5 44. Qa5 Bxd3 45. Qd5 Rc3 46. b5
Bf1 47. b6 Rc2 48. Qb3 Rxg2+ 49. Kh1 Rg5 50. Qa2 Bd3 51. Qa4 Be2 52. Qa3 Bf1
53. h4 Bg2+ 54. Kh2 Rg4 55. b7 Bxe4 56. b8=Q Bxf5 57. Qh8+ Kh6 58. Qe3+ Kh5 59.
Qf3 Bg6 60. Qfxf6 Rxh4+ 61. Qxh4+ Kxh4 62. Qxe5 1-0